| 000 | 00521nam a2200181Ia 4500 | ||
|---|---|---|---|
| 008 | 230917s9999||||xx |||||||||||||| ||und|| | ||
| 020 | _cGBP22.99 | ||
| 040 |
_e255958 _aMAIN |
||
| 041 | _aEnglish | ||
| 082 | _a001.4 R438L(2) | ||
| 100 | _aRidley, Diana | ||
| 245 | 0 | _aLiterature review: A step-by-step guide for students | |
| 250 | _a2nd ed. | ||
| 260 |
_aLos Angeles _bSage _c2012 |
||
| 300 | _axi, 214 p. | ||
| 500 | _a3479 13/06/2019 HBD19/7853 24/06/2019 Ch. Ranbir Singh Institute of Social and | ||
| 942 | _cBK | ||
| 999 |
_c31410 _d31410 |
||